000
00336 a2200157 4500
001
180006
020
_a
040
_c
Magnum
100
_a
Góes, Lúcia Pimentel
240
1
0
_a
O maestro do tempo
_l
por
245
1
0
_a
O maestro do tempo
362
0
_a
1899
440
1
_a
Scipione
697
_a
MAGNITO: I/PARADIDATICO
942
_c
BK
999
_c
180006
_d
180006